Normal view MARC view

Entry Personal Name

Number of records used in: 1

001 - CONTROL NUMBER

  • control field: 9065

003 - CONTROL NUMBER IDENTIFIER

  • control field: DLC

005 - DATE AND TIME OF LATEST TRANSACTION

  • control field: 20220723125309.0

008 - FIXED-LENGTH DATA ELEMENTS

  • fixed length control field: 811104n| azannaabn |a aaa

010 ## - LIBRARY OF CONGRESS CONTROL NUMBER

  • LC control number: n 81108594

035 ## - SYSTEM CONTROL NUMBER

  • System control number: (OCoLC)oca00653651

040 ## - CATALOGING SOURCE

  • Original cataloging agency: DLC
  • Language of cataloging: eng
  • Description conventions: rda
  • Transcribing agency: DLC
  • Modifying agency: GVaS

046 ## - SPECIAL CODED DATES

  • Birth date: 1935
  • Source of date scheme: edtf

100 1# - HEADING--PERSONAL NAME

  • Personal name: Sherbert, Donald R.,
  • Dates associated with a name: 1935-

370 ## - ASSOCIATED PLACE

  • Associated country: United States
  • Other associated place: Urbana (Ill.)
  • Source of term: naf

371 ## - ADDRESS

  • Electronic mail address: dsherber@illinois.edu

372 ## - FIELD OF ACTIVITY

  • Field of activity: Education, Higher
  • Field of activity: Mathematics
  • Source of term: lcsh

373 ## - ASSOCIATED GROUP

  • Associated group: University of Illinois at Urbana-Champaign
  • Source of term: naf

374 ## - OCCUPATION

  • Occupation: College teachers
  • Occupation: Mathematicians
  • Occupation: Authors
  • Source of term: lcsh

375 ## - GENDER

  • Gender: Males
  • Source of term: lcdgt

377 ## - ASSOCIATED LANGUAGE

  • Language code: eng

510 2# - SEE ALSO FROM TRACING--CORPORATE NAME

  • Control subfield: r
  • Relationship information: Employer:
  • Corporate name or jurisdiction name as entry element: University of Illinois at Urbana-Champaign

670 ## - SOURCE DATA FOUND

  • Source citation: Peressini, A. L.
  • Information found: Topics in modern mathematics ... 1971.

670 ## - SOURCE DATA FOUND

  • Source citation: University of Illinois website, viewed July 18, 2019
  • Information found: (Donald R. Sherbert. Professor emeritus. Department of Mathematics. Email: dsherber@illinois.edu)
  • Uniform Resource Identifier: https://math.illinois.edu/directory/profile/dsherber

Powered by Koha